000 00659cam a2200193 i 4500
005 20251108175659.0
008 250721s2019 ua gr 000 0 ara d
020 _a9789778240603
082 1 4 _a138.2
_bح ل م
100 1 _aحلمي، ريهام
_eمؤلف.
245 1 0 _aEXPIRED :
_bمن أجل علاقات لا تنتهي صلاحيتها /
_cتأليف ريهام حلمي.
250 _aالطبعة الأولى.
264 _bالرواق للنشر و التوزيع،
_c2019.
300 _a287 صفحة.
650 1 7 _aعلم النفس.
650 1 7 _aالعلاقات الانسانية.
942 _2ddc
_cBK
999 _c139845
_d139845